000 00782nam a2200253Ia 4500
003 OSt
005 20240522100836.0
008 210210b2008 xxu||||| |||| 00| 0 eng d
020 _a978819383035
040 _cAL
041 _aHindi
082 _aH891.9 INGA
100 _aINGALE (Devidas Yashavanth)
_dदेवीदास यशवंत इंगळे
_9166558
245 _aAnusandhan: Prakriya evam ruprekha
_bअनुसंधान: प्रक्रिया एवं रुपरेखा
260 _aKanpur
_bAman Prakashan
_c2008
300 _a128
650 _aruprekha
_9166559
650 _aPrakriya
_9166560
650 _aevam
_9166561
650 _aAnusandhan:
_9166562
690 _aHindi Criticism
_9166563
906 _a063525
942 _2ddc
_cBK
999 _c136853
_d136853